000 00497nam a2200169Ia 4500
008 230917s9999||||xx |||||||||||||| ||und||
020 _cGBP29.99
040 _e219760
_aMAIN
041 _aEnglish
082 _a338.4791 B47T
100 _aBianchi, Raoul V
245 0 _aTourism and citizenship : Rights, freedom and responsibilities in the global order
260 _aLondon
_bRoutledge
_c2014
300 _axv, 279 p.
500 _a1664 05/11/2014 HBD6369 13/03/2015 IHTM (SFS)
942 _cBK
999 _c12494
_d12494